000 00741nam a2200241Ia 4500
003 OSt
005 20220923224130.0
006 a|||||r|||| 00| 0
007 ta
008 Pun
024 _a226,242
037 _cTextual
040 _aARTS
_cARTS
_bPun
041 _2Pun
_aPun
082 _aO153,1N16:g, M0
100 _aਸੌਨੀ, ਪ੍ਰੀਤਮ
_9156291
245 0 _aਕੱਤਕ ਕੂੰਜਾਂ
_b ਆਲੋਚਨਾ ਤੇ ਵਿਆਖਿਆ
260 _aਲੁਧਿਆਣਾ
_b ਲਾਹੋਰ ਬੂਕ Fਾਪ
_c1980
300 _a115ਪੰ
_ccm.
650 _aਪੰਜਾਬੀ ਸਾਹਿਤ
942 _hO153,1N16:g, M0
_cTEXL
_2CC
999 _c369440
_d369440